|
|
|
|
| LEADER |
00000nas a2200000 i 4500 |
| 001 |
ssj0001078578 |
| 003 |
WaSeSS |
| 005 |
20200512172242.0 |
| 006 |
m d |
| 007 |
cr n |
| 008 |
140110u2008uuuubl a| p|s|||||| |0por d |
| 035 |
|
|
|a (WaSeSS)ssj0001078578
|
| 040 |
|
|
|a WaSeSS
|b eng
|c WaSeSS
|d WaSeSS
|
| 050 |
1 |
4 |
|a Z671
|
| 245 |
0 |
0 |
|a Tendências da pesquisa braileira em ciência da informação
|h [electronic resource].
|
| 260 |
|
|
|a João Pessoa, Brazil :
|b Universidade Federal de Paraiba,
|c 2008-
|
| 310 |
|
|
|a Annual
|
| 362 |
1 |
|
|a Began with Volume 1 (1) (2008).
|
| 506 |
|
|
|a License restrictions may limit access.
|
| 588 |
|
|
|a Description based on: Volume 1 (1) (2008); title from title screen (ProQuest, viewed Jan. 10, 2014).
|
| 588 |
|
|
|a Latest issue consulted: Volume 5 (1) (2012) (viewed Jan. 10, 2014).
|
| 650 |
|
0 |
|a Information science
|v Periodicals.
|
| 650 |
|
0 |
|a Information science
|x Research
|v Periodicals.
|
| 655 |
|
0 |
|a Electronic journals.
|
| 856 |
4 |
0 |
|z Full text available from Research Library: 01/01/2008 to 07/31/2016
|u https://search.proquest.com/publication/307051
|